Classifica Scarpa d'Oro 2021 - Statistics

Statistiche generali
  • Questo quiz è stato fatto 41 volte
  • Il punteggio medio è 13 su 14
Statistiche sulle risposte
Gol Coefficiente UEFA Punti Nazione Squadra Calciatore % Corretto
29 x2 58 Portogallo Juventus Cristiano Ronaldo
100%
21 x2 42 Serbia Fiorentina Dušan Vlahović
100%
27 x2 54 Norvegia Borussia Dortmund Erling Haaland
100%
23 x2 46 Inghilterra Tottenham Harry Kane
100%
23 x2 46 Francia Real Madrid Karim Benzema
100%
27 x2 54 Francia Paris Saint-Germain Kylian Mbappé
100%
30 x2 60 Argentina Barcellona Lionel Messi
100%
22 x2 44 Egitto Liverpool Mohamed Salah
100%
41 x2 82 Polonia Bayern Monaco Robert Lewandowski
100%
24 x2 48 Belgio Inter Romelu Lukaku
100%
22 x2 44 Colombia Atalanta Luis Muriel
98%
21 x2 42 Uruguay Atletico Madrid Luis Suárez
98%
28 x2 56 Portogallo Eintracht Francoforte Andrè Silva
78%
23 x2 46 Spagna Villarreal Gerard Moreno
73%
Nessun quiz corrispondente trovato
Distribuzione punteggi
Percentuale di utenti per punteggio
Percentile per numero di risposta
I tuoi punteggi nel tempo
Non hai fatto questo quiz